00000000nam##2200000za#4500
0019.581546
003CaOODSP
00520210624191552
007cr |||||||||||
008150406|2015||||xxc|||||o    f|0| 0 eng|d
022 |a1919-5044
040 |aCaOODSP|beng
043 |an-cn---
0861 |aFs70-5/2015-004E-PDF
1101 |aCanada. |bDepartment of Fisheries and Oceans.
24510|aPopulation ecology and epidemiology of sea lice in Canadian waters / |h[electronic resource]|c[by] S. Saksida, I. Bricknell, S. Robinson and S. Jones.
260 |aOttawa - Ontario : |bFisheries and Oceans Canada |cFebruary 2015.
300 |a39p.|bfigs., references, tables
4901 |aCanadian Science Advisory Secretariat research document|x1919-5044|v2015/004, National Capital Region
546 |aText in English, abstracts in both languages.
590 |a15-10|b2015-03-06
830#0|aResearch document (Canadian Science Advisory Secretariat)|x1919-5044|v2015/004, National Capital Region|w(CaOODSP)9.507396
85640|ahttp://publications.gc.ca|qPDF|s804 KB|uhttps://publications.gc.ca/collections/collection_2015/mpo-dfo/Fs70-5-2015-004-eng.pdf|y2015/004, National Capital Region